History Quiz

Random History or Clickable Quiz

US History: Prohibition Era Quiz Stats

 Plays Quiz Updated Aug 5, 2015

Challenge
Share
Tweet
Embed
Score 0/21 Timer 08:00
1 Play Today
% Correct
Temperance
85.6%
bootleggers
81.6%
Chicago
81.1%
speakeasies
80.1%
income
73%
hatchet
72%
religious
70.7%
water
69.7%
brewers
62.9%
1920
62%
liquor
59.8%
% Correct
scofflaws
58.6%
Volstead
55.2%
21st
55.1%
1933
52.6%
near
52.1%
18th
47.8%
tariffs
39.2%
Saloon
36.7%
transportation
34.1%
Noble
29.4%

You're not logged in!

Compare scores with friends on all Sporcle quizzes.
Join for Free
OR
Log In

You Might Also Like...

Show Comments

Extras

Top Quizzes Today


Score Distribution

Your Account Isn't Verified!

In order to create a playlist on Sporcle, you need to verify the email address you used during registration. Go to your Sporcle Settings to finish the process.

Report this User

Report this user for behavior that violates our Community Guidelines.

Details: